Докладная записка начальника 7-го отдела Политуправления Донского фронта И. П. Мельникова "О политико-моральном состоянии немецк...

RUSMARC
00004875nbm0a2200301 x 450
001afacf5d2-8440-4ad0-8782-ee7a1f48688a
00520240219144203.0
100##$a20240218j19430107k###0rusy50 ca
1010#$arus
102##$aRU
1220#$ad19430107##
2001#$aДокладная записка начальника 7-го отдела Политуправления Донского фронта И. П. Мельникова "О политико-моральном состоянии немецко-фашистских войск, окруженных под Сталинградом"
$j7 января 1943 г.
251##$cДокумент
300##$aПодлинник
461#0$12001
$aФ. 32
$1251
$cФонд
$1852
$j32
462#0$12001
$aОп. 11306
$1251
$cОпись
$1852
$j11306
462#0$12001
$aД. 282
$vЛ. 59-63об.
$1251
$cДело
$1852
$j282
60102$2nlr_sh
$3RU\NLR\AUTH\661526186
$aГермания
$bВооруженные силы
$xИстория
$z1935 - 1945
$jДокументы и материалы
60102$2nlr_sh
$3RU\NLR\AUTH\6601671968
$aГермания
$bВооружённые силы
$xЛичный состав
$xМоральный облик
$jДокументы и материалы
605##$2prlib_sh
$3LIBNET\UAF\0000088514
$aВторая мировая война в архивных документах (Комплекс оцифрованных архивных документов, кино- и фотоматериалов)
$lколлекция
6061#$2nlr_sh
$3RU\NLR\AUTH\661261857
$aСталинградская битва
$z1942 - 1943
$jДокументы и материалы
686##$a63.3(2)622,12ю1
$vLBC/M
$2rubbk
686##$a63.3(24Гем)62-35ю1
$vLBC/M
$2rubbk
801#0$aRU
$bПБ им. Б.Н. Ельцина
$c20240218
801#1$aRU
$bПБ им. Б.Н. Ельцина
$c20240218
$2rusmarc
801#2$aRU
$bПБ им. Б.Н. Ельцина
$c20240219
$2rusmarc
850##$aЦентральный архив Министерства обороны Российской Федерации
852##$aЦА МО РФ
$jЛ. 59-63об.
035##$aLIBNET\0001381669
937##$d191023704
$hФедеральное архивное агентство
8564#$uhttp://readingroom.main.prlib.ru/item.aspx?id_node=n191023704&mode=full
Формат отображения